[Event "2.BLS 0203 Schmiden Cannst - SK Viernhe"]
[Site "?"]
[Date "2003.03.09"]
[Round "8.3"]
[White "Mandel, Andreas"]
[Black "Birk, Steffen"]
[Result "1-0"]
[WhiteElo "2367"]
[BlackElo "2272"]
[PlyCount "123"]
[EventDate "2003.??.??"]

1. d4 d5 2. c4 c6 3. Nf3 Nf6 4. Nc3 dxc4 5. a4 Na6 6. e3 Bg4 7. Bxc4 e6 8. h3
Bh5 9. O-O Nb4 10. Qe2 Be7 11. Rd1 O-O 12. g4 Bg6 13. e4 Nd7 14. Bf4 Re8 15.
Bb3 Bf8 16. Kg2 a5 17. Rac1 Qb6 18. Nd2 Na6 19. Be3 c5 20. Nb5 Nc7 21. Nxc7
Qxc7 22. f3 b6 23. d5 exd5 24. Bxd5 Rad8 25. Nb1 Nf6 26. Nc3 Qb8 27. Bc6 Rxd1
28. Rxd1 Rc8 29. Bb5 Bd6 30. Bf2 h6 31. Rxd6 Qxd6 32. e5 Qe7 33. exf6 Qxf6 34.
Nd5 Qd8 35. Ne7+ Kh7 36. Nxc8 Qxc8 37. Qe8 Qc7 38. Bg3 Qb7 39. Qd7 Qa8 40. Bd3
Bxd3 41. Qxd3+ Kg8 42. h4 Qe8 43. b3 Qe6 44. h5 Qf6 45. Bf2 Qe6 46. Qe3 Qf6 47.
Qe8+ Kh7 48. Qe4+ Kg8 49. Qd5 Kh8 50. Kg3 Kg8 51. Be3 Qc3 52. Kf2 Qb2+ 53. Ke1
Qf6 54. Bd2 Qa1+ 55. Ke2 Qf6 56. Kd3 Qb2 57. Kc4 Qf6 58. Bc3 Qf4+ 59. Kb5 Qc1
60. Qd8+ Kh7 61. Qd3+ Kg8 62. Kxb6 1-0

[Event "2.BLS 0203 Schmiden Cannst - SK Viernhe"]
[Site "?"]
[Date "2003.03.09"]
[Round "8.4"]
[White "Krockenberger, Martin"]
[Black "Wegerle, Joerg"]
[Result "1/2-1/2"]
[WhiteElo "2264"]
[BlackElo "2365"]
[PlyCount "44"]
[EventDate "2003.??.??"]

1. c4 e6 2. g3 d5 3. Bg2 Nf6 4. Nf3 dxc4 5. O-O Nbd7 6. Qc2 a6 7. a4 Rb8 8.
Qxc4 b5 9. axb5 axb5 10. Qc2 c5 11. d4 Bb7 12. dxc5 Bxc5 13. Bf4 Rc8 14. Qd3 b4
15. Nbd2 O-O 16. Bd6 Bxd6 17. Qxd6 Nc5 18. Qf4 Ba6 19. Rfe1 Qb6 20. Ne5 Rfd8
21. Ndc4 Qb8 22. Na5 Bb5 {(=)} 1/2-1/2

[Event "2.BLS 0203 Schmiden Cannst - SK Viernhe"]
[Site "?"]
[Date "2003.03.09"]
[Round "8.5"]
[White "Kratochwil, Christian"]
[Black "Thoma, Christian"]
[Result "1/2-1/2"]
[WhiteElo "2319"]
[BlackElo "2239"]
[PlyCount "48"]
[EventDate "2003.??.??"]

1. c4 e6 2. Nc3 d5 3. d4 c6 4. e4 dxe4 5. Nxe4 Bb4+ 6. Bd2 Qxd4 7. Bxb4 Qxe4+
8. Ne2 Na6 9. Bf8 Ne7 10. Bxg7 Nb4 11. Bxh8 e5 12. Qd6 Nc2+ 13. Kd2 Nxa1 14.
Qxe5 Qc2+ 15. Ke3 Be6 16. Ng3 O-O-O 17. Qc3 Nf5+ 18. Nxf5 Bxf5 19. Qxc2 Nxc2+
20. Kf4 Be6 21. Bc3 Rd1 22. g3 Ne1 23. Bxe1 Rxe1 24. b3 Kc7 {(=)} 1/2-1/2

[Event "2.BLS 0203 Schmiden Cannst - SK Viernhe"]
[Site "?"]
[Date "2003.03.09"]
[Round "8.6"]
[White "Loehr, Markus"]
[Black "Spiegel, Stefan Dr"]
[Result "1-0"]
[WhiteElo "2199"]
[BlackElo "2288"]
[PlyCount "81"]
[EventDate "2003.??.??"]

1. d4 Nf6 2. c4 e6 3. g3 d5 4. Bg2 Be7 5. Nf3 O-O 6. O-O Nbd7 7. Qc2 c6 8. b3
b6 9. Bb2 Ba6 10. Nbd2 Rc8 11. e4 c5 12. exd5 exd5 13. Qf5 dxc4 14. Nxc4 b5 15.
Ne3 c4 16. bxc4 bxc4 17. Bc3 g6 18. Qh3 Ne4 19. Nd5 Ndf6 20. Nxe7+ Qxe7 21.
Rfc1 Nxc3 22. Rxc3 Nd5 23. Rcc1 Rfd8 24. Re1 Qf6 25. Re5 h5 26. Ng5 Bb7 27.
Bxd5 Bxd5 28. Rxd5 Rxd5 29. Qxc8+ Kg7 30. h4 Qxd4 31. Rc1 Rf5 32. Rf1 c3 33.
Qb7 Qc4 34. Qe4 Qc5 35. Nf3 Qa3 36. Nd4 Rf6 37. Qc2 a5 38. Ne2 Qb2 39. Rc1 a4
40. Nxc3 Rxf2 41. Kxf2 1-0

[Event "2.BLS 0203 Schmiden Cannst - SK Viernhe"]
[Site "?"]
[Date "2003.03.09"]
[Round "8.7"]
[White "Martin, Stefan"]
[Black "Bauer, Manfred"]
[Result "1-0"]
[WhiteElo "2223"]
[BlackElo "2246"]
[PlyCount "61"]
[EventDate "2003.??.??"]

1. d4 Nf6 2. c4 g6 3. f3 d5 4. cxd5 Nxd5 5. e4 Nb6 6. Nc3 Bg7 7. Be3 O-O 8. Qd2
c6 9. O-O-O Be6 10. Bh6 Bc4 11. Nge2 Qd6 12. h4 e5 13. Bxg7 Kxg7 14. h5 N8d7
15. hxg6 Qxg6 16. f4 Bxe2 17. Bxe2 exf4 18. Rh4 f5 19. Rdh1 Nf6 20. exf5 Qxg2
21. Qxf4 Kh8 22. Bf3 Qg7 23. Bh5 Nbd5 24. Nxd5 Nxd5 25. Qe5 Qxe5 26. dxe5 Rxf5
27. Bg6 Rxe5 28. Rxh7+ Kg8 29. Bf7+ Kf8 30. Bxd5 Rd8 31. Rh8+ 1-0

[Event "2.BLS 0203 Schmiden Cannst - SK Viernhe"]
[Site "?"]
[Date "2003.03.09"]
[Round "8.8"]
[White "Witke, Thomas"]
[Black "Bogulavskyy, Oleg"]
[Result "1/2-1/2"]
[WhiteElo "2217"]
[BlackElo "2299"]
[PlyCount "51"]
[EventDate "2003.??.??"]

1. d4 Nf6 2. c4 e6 3. Nc3 d5 4. Nf3 Be7 5. Bf4 O-O 6. e3 c5 7. dxc5 Nc6 8. cxd5
exd5 9. Rc1 Bxc5 10. Be2 d4 11. exd4 Bxd4 12. O-O Bb6 13. Qa4 Bg4 14. Rfd1 Qc8
15. Bg5 Bxf3 16. Bxf3 Qf5 17. Qh4 Rfd8 18. Bxf6 Qxf6 19. Qxf6 gxf6 20. Nd5 Nd4
21. Nxf6+ Kg7 22. Nd5 Nxf3+ 23. gxf3 Rd6 24. Nxb6 Rxb6 25. b3 Re8 26. Rd2 {(=)}
1/2-1/2

[Event "2.BLS 0203 Heidelberg HSH - SK Bebenhau"]
[Site "?"]
[Date "2003.03.09"]
[Round "8.2"]
[White "Schwalfenberg, Joerg"]
[Black "Gohil, Harry"]
[Result "0-1"]
[WhiteElo "2360"]
[BlackElo "2354"]
[PlyCount "114"]
[EventDate "2003.??.??"]

1. d4 Nf6 2. Nf3 g6 3. c4 Bg7 4. Nc3 O-O 5. g3 d6 6. Bg2 Nbd7 7. O-O e5 8. e4
c6 9. h3 Qb6 10. dxe5 dxe5 11. Qc2 Nh5 12. Be3 Qb4 13. c5 Nxc5 14. Nd5 cxd5 15.
Bxc5 Qxe4 16. Qxe4 dxe4 17. Ng5 f5 18. Bxf8 Bxf8 19. h4 h6 20. Nxe4 fxe4 21.
Bxe4 Bc5 22. Kg2 Kf7 23. Rac1 Bb6 24. Bd5+ Be6 25. Rfd1 Bxd5+ 26. Rxd5 Ke6 27.
Rb5 Rf8 28. Rc2 Nf6 29. Re2 Ng4 30. f4 Rf7 31. Kf3 h5 32. a4 Kd6 33. Rd2+ Ke6
34. a5 Be3 35. Re2 exf4 36. gxf4 Rxf4+ 37. Kg3 Rf5 38. Rxb7 Rxa5 39. Kf3 Rf5+
40. Ke4 Re5+ 41. Kf3 Bb6 42. Rc2 Rf5+ 43. Kg3 Ne5 44. Re2 Rf3+ 45. Kg2 Rf4 46.
Kg3 Rg4+ 47. Kh3 Kd6 48. Rd2+ Kc6 49. Re7 Nf3 50. Re6+ Kb7 51. Rd3 Nxh4 52. Rg3
Rb4 53. b3 Nf5 54. Rf3 Rh4+ 55. Kg2 Rg4+ 56. Kh3 Nd4 57. Re7+ Ka6 0-1

[Event "2.BLS 0203 Heidelberg HSH - SK Bebenhau"]
[Site "?"]
[Date "2003.03.09"]
[Round "8.3"]
[White "Lorscheid, Gerhard"]
[Black "Roos, Jean-Luc"]
[Result "1/2-1/2"]
[WhiteElo "2307"]
[BlackElo "2307"]
[PlyCount "59"]
[EventDate "2003.??.??"]

1. d4 e6 2. c4 Nf6 3. Nc3 d5 4. Bg5 Be7 5. cxd5 exd5 6. e3 c6 7. Qc2 Nbd7 8.
Bd3 Nf8 9. Nf3 Ne6 10. Bh4 g6 11. O-O O-O 12. Bxf6 Bxf6 13. b4 a6 14. a4 Ng7
15. b5 axb5 16. axb5 Rxa1 17. Rxa1 Bf5 18. bxc6 bxc6 19. Bxf5 Nxf5 20. Na4 Qc7
21. Nc5 Kg7 22. g3 h5 23. Ra6 Rc8 24. Qa2 Qe7 25. Qa3 g5 26. Ra7 Rc7 27. Rxc7
Qxc7 28. Nd3 Be7 29. Qc1 f6 30. Qc2 {(=)} 1/2-1/2

[Event "2.BLS 0203 Heidelberg HSH - SK Bebenhau"]
[Site "?"]
[Date "2003.03.09"]
[Round "8.4"]
[White "Nippgen, Georg"]
[Black "Kabisch, Thilo"]
[Result "0-1"]
[WhiteElo "2256"]
[BlackElo "2310"]
[PlyCount "48"]
[EventDate "2003.??.??"]

1. Nf3 Nf6 2. g3 g6 3. b3 Bg7 4. Bb2 O-O 5. c4 d6 6. d4 Nbd7 7. Bg2 e5 8. dxe5
dxe5 9. O-O e4 10. Ne1 Qe7 11. Nc3 c6 12. Qc2 Re8 13. Rd1 Nf8 14. Qc1 h5 15.
Nc2 h4 16. gxh4 Ng4 17. Nxe4 Qxh4 18. h3 Bxb2 19. Qxb2 Rxe4 20. hxg4 Rxe2 21.
Bf3 Bxg4 22. Rd4 Qh8 23. Bxe2 Bxe2 24. Qc1 Bf3 0-1

[Event "2.BLS 0203 Heidelberg HSH - SK Bebenhau"]
[Site "?"]
[Date "2003.03.09"]
[Round "8.5"]
[White "Maeurer, Christoph Dr"]
[Black "Neunhoeffer, Helmut Dr"]
[Result "1-0"]
[WhiteElo "2330"]
[BlackElo "2337"]
[PlyCount "65"]
[EventDate "2003.??.??"]

1. g3 d5 2. Bg2 Nf6 3. f4 g6 4. Nf3 Bg7 5. O-O O-O 6. d3 b6 7. Qe1 Bb7 8. h3 c5
9. Na3 Nc6 10. e4 dxe4 11. dxe4 e5 12. f5 Nd4 13. Nh4 Nh5 14. c3 Nxg3 15. cxd4
Qxh4 16. f6 Bxf6 17. Rxf6 Qxf6 18. Qxg3 cxd4 19. Bh6 Rac8 20. Bxf8 Kxf8 21. Qb3
Qg5 22. Rf1 Rc7 23. Kh2 Ba6 24. Nb5 Bxb5 25. Qxb5 f6 26. Qe2 Kg7 27. Rf2 h5 28.
Bf1 Rc1 29. Qf3 Re1 30. Qa3 Rxe4 31. Qe7+ Kh6 32. Qf8+ Kh7 33. Bc4 1-0

[Event "2.BLS 0203 Heidelberg HSH - SK Bebenhau"]
[Site "?"]
[Date "2003.03.09"]
[Round "8.6"]
[White "Syska, Albert"]
[Black "Sinz, Bernhard"]
[Result "0-1"]
[WhiteElo "2250"]
[BlackElo "2212"]
[PlyCount "88"]
[EventDate "2003.??.??"]

1. e4 e5 2. f4 exf4 3. Nf3 d6 4. d4 g5 5. h4 g4 6. Ng1 Qf6 7. Nc3 Ne7 8. Nge2
Bh6 9. g3 fxg3 10. Nxg3 Bxc1 11. Rxc1 Bd7 12. Bc4 Nbc6 13. Rf1 Qxd4 14. Bxf7+
Kd8 15. Qxd4 Nxd4 16. h5 c6 17. Kf2 Kc7 18. Ke3 Nf3 19. Nce2 Rhf8 20. Bb3 Rf6
21. Rf2 Re8 22. Ng1 Nf5+ 23. Nxf5 Bxf5 24. Nxf3 Bxe4 25. Ne5 Rxf2 26. Kxf2 Rxe5
27. Kg3 Bf3 28. Kh4 d5 29. Rf1 h6 30. c4 d4 31. Bd1 Re3 32. Bxf3 gxf3 33. Kg3
Kd6 34. b4 c5 35. Rd1 b6 36. Kf2 Ke5 37. bxc5 bxc5 38. Rg1 Kf4 39. Rg6 Re2+ 40.
Kf1 d3 41. Rf6+ Ke3 42. Re6+ Kf4 43. Rf6+ Kg4 44. Rg6+ Kxh5 0-1

[Event "2.BLS 0203 Karlsruher SF - SK Krumbach"]
[Site "?"]
[Date "2003.03.09"]
[Round "8.1"]
[White "Lechtinsky, Jiri"]
[Black "Bagaturov, Giorgi"]
[Result "1/2-1/2"]
[WhiteElo "2399"]
[BlackElo "2429"]
[PlyCount "47"]
[EventDate "2003.??.??"]

1. c4 e6 2. Nf3 Nf6 3. g3 b6 4. Bg2 Bb7 5. O-O Be7 6. Nc3 O-O 7. d4 Ne4 8. Qc2
Nxc3 9. Qxc3 f5 10. b3 Bf6 11. Bb2 d6 12. Rad1 Qe7 13. Ne1 c5 14. Qd2 Bxg2 15.
Nxg2 Nd7 16. Rfe1 Rad8 17. e4 cxd4 18. Bxd4 fxe4 19. Rxe4 Bxd4 20. Rxd4 Ne5 21.
Ne1 Qf6 22. Rf4 Qe7 23. Rxf8+ Qxf8 24. Qe2 1/2-1/2

[Event "2.BLS 0203 Karlsruher SF - SK Krumbach"]
[Site "?"]
[Date "2003.03.09"]
[Round "8.2"]
[White "Arnold, Lothar"]
[Black "Egger, Thomas"]
[Result "1-0"]
[WhiteElo "2360"]
[BlackElo "2307"]
[PlyCount "141"]
[EventDate "2003.??.??"]

1. e4 e6 2. d4 d5 3. Nc3 dxe4 4. Nxe4 Bd7 5. Nf3 Bc6 6. Ned2 Nf6 7. Bd3 Nbd7 8.
O-O Be7 9. Nc4 O-O 10. Re1 b6 11. a4 Bxf3 12. Qxf3 c5 13. c3 cxd4 14. cxd4 Nd5
15. Qh3 N7f6 16. Bg5 g6 17. Ne5 Qd6 18. Rad1 Nh5 19. Bh6 Ng7 20. Qf3 Rac8 21.
Rc1 Rxc1 22. Rxc1 Nb4 23. Rc8 f6 24. Rxf8+ Kxf8 25. Be3 Nxd3 26. Nxd3 Nf5 27.
Qa8+ Kf7 28. Qh8 g5 29. Qxh7+ Kf8 30. Qh8+ Kf7 31. Qh5+ Kf8 32. Qg4 Qc6 33. Qd1
Qe4 34. Qd2 a5 35. Kf1 Kf7 36. h3 Qc6 37. b3 Qd5 38. Qc3 Qe4 39. Ne1 Qb1 40.
Qd3 Qa1 41. Ke2 Bb4 42. Nc2 Qb2 43. d5 Nxe3 44. fxe3 exd5 45. Qxd5+ Kg7 46. Qc4
Bc5 47. Kf3 Qe5 48. Nd4 Bd6 49. g4 Qg3+ 50. Ke4 Qe5+ 51. Kd3 Bc5 52. Nf5+ Kf8
53. Qe4 Qb2 54. Kc4 Qc1+ 55. Kd5 Qd1+ 56. Kc4 Qc1+ 57. Kd5 Qd1+ 58. Ke6 Qxb3+
59. Kxf6 Qf7+ 60. Kxg5 Qd7 61. Qc4 Qd8+ 62. Kf4 Qc7+ 63. Ke4 Qc6+ 64. Kd3 Qh1
65. Qf4 Qxh3 66. g5 Ke8 67. g6 Kd7 68. g7 Qg2 69. Qg3 Qf1+ 70. Ke4 Qb1+ 71. Kf4
1-0

[Event "2.BLS 0203 Karlsruher SF - SK Krumbach"]
[Site "?"]
[Date "2003.03.09"]
[Round "8.3"]
[White "Kempter, Ronald"]
[Black "Werner, Clemens"]
[Result "1/2-1/2"]
[WhiteElo "2290"]
[BlackElo "2351"]
[PlyCount "107"]
[EventDate "2003.??.??"]

1. Nf3 d6 2. d4 Nd7 3. c4 e5 4. Nc3 c6 5. g3 Ngf6 6. Qc2 Be7 7. Bg2 Qc7 8. O-O
Nf8 9. b3 Ng6 10. Bb2 h5 11. h4 Bg4 12. dxe5 dxe5 13. Rad1 O-O 14. Ng5 Rfe8 15.
a3 Rad8 16. Rxd8 Rxd8 17. Rd1 Nf8 18. Nce4 Rxd1+ 19. Qxd1 Nxe4 20. Nxe4 Ne6 21.
b4 b6 22. f3 Bf5 23. Nc3 Kf8 24. e4 Bg6 25. Ne2 f6 26. Bf1 Bf7 27. Kg2 a5 28.
Bc3 axb4 29. axb4 Qa7 30. Qd2 c5 31. b5 Nd4 32. Bxd4 cxd4 33. Nc1 Qa3 34. Bd3
Bb4 35. Qc2 Ke7 36. Nb3 Bc3 37. Nc1 Kd6 38. Be2 Ba5 39. Kf2 Qb4 40. Kg2 Qa3 41.
Bf1 Be1 42. Nd3 Bc3 43. Nc1 g5 44. hxg5 fxg5 45. Be2 h4 46. gxh4 gxh4 47. f4
exf4 48. e5+ Ke7 49. Qf5 Qa8+ 50. Kh2 Qg8 {(=)} 51. Qf6+ Ke8 52. Qc6+ Kf8 53.
Qd6+ Ke8 54. Qc6+ 1/2-1/2

[Event "2.BLS 0203 Karlsruher SF - SK Krumbach"]
[Site "?"]
[Date "2003.03.09"]
[Round "8.4"]
[White "Gerstner, Wolfgang"]
[Black "Riefner, Edwin"]
[Result "1-0"]
[WhiteElo "2374"]
[BlackElo "2226"]
[PlyCount "61"]
[EventDate "2003.??.??"]

1. d4 Nf6 2. Bg5 Ne4 3. Bf4 c5 4. f3 Qa5+ 5. c3 Nf6 6. Nd2 cxd4 7. Nc4 Qf5 8.
Bxb8 Rxb8 9. Qxd4 b6 10. e4 Qc5 11. Qxc5 bxc5 12. O-O-O Bb7 13. h4 g6 14. g4
Bg7 15. Nh3 d6 16. Nf4 O-O 17. g5 Nd7 18. h5 Ne5 19. hxg6 hxg6 20. Be2 Rfe8 21.
Ne3 Bc6 22. Nfd5 Rb7 23. Rd2 Reb8 24. f4 Bxd5 25. Nxd5 Nc6 26. Ba6 Rd7 27. Rdh2
Nd8 28. f5 f6 29. Bc4 Kf8 30. Nf4 fxg5 31. Nxg6+ 1-0

[Event "2.BLS 0203 Karlsruher SF - SK Krumbach"]
[Site "?"]
[Date "2003.03.09"]
[Round "8.5"]
[White "Wild, Rudolf"]
[Black "Duschek, Volker"]
[Result "1-0"]
[WhiteElo "2268"]
[BlackElo "2321"]
[PlyCount "71"]
[EventDate "2003.??.??"]

1. Nf3 Nf6 2. c4 g6 3. Nc3 Bg7 4. e4 d6 5. d4 O-O 6. Be2 e5 7. d5 a5 8. O-O Na6
9. Be3 b6 10. Nd2 h5 11. h3 Nh7 12. a3 Bd7 13. Rb1 Kh8 14. Qc2 f5 15. exf5 gxf5
16. f4 Qe8 17. b4 Rg8 18. Rfe1 Qg6 19. Bf1 axb4 20. axb4 Rae8 21. Nf3 Bc8 22.
Nb5 Bf6 23. Qf2 Qf7 24. Red1 Rg7 25. Kh1 Reg8 26. Bxb6 e4 27. Nfd4 Rg3 28. Ne2
Rd3 29. Ba5 Qg7 30. Rxd3 exd3 31. Ned4 Qg3 32. Qxg3 Rxg3 33. Rd1 d2 34. Rxd2
Re3 35. Rd1 Re7 36. Bd3 1-0

[Event "2.BLS 0203 Karlsruher SF - SK Krumbach"]
[Site "?"]
[Date "2003.03.09"]
[Round "8.6"]
[White "Karst, Elmar"]
[Black "Trassl, Franz"]
[Result "1-0"]
[WhiteElo "2280"]
[BlackElo "2260"]
[PlyCount "219"]
[EventDate "2003.??.??"]

1. d4 Nf6 2. Nf3 g6 3. c4 Bg7 4. Nc3 d6 5. e4 O-O 6. Be2 Nbd7 7. O-O c6 8. h3
Qc7 9. Qc2 e5 10. dxe5 dxe5 11. Be3 Re8 12. Rfd1 Nf8 13. Bc5 N6d7 14. Bd6 Qd8
15. Rd2 Qf6 16. Rad1 Ne6 17. Na4 Bh6 18. Rd3 Nf4 19. Ra3 Bf8 20. Bxf8 Rxf8 21.
Bf1 c5 22. Nc3 Nb6 23. Nb5 Be6 24. Nc7 Rad8 25. Rxd8 Rxd8 26. Nxe6 Nxe6 27.
Rxa7 Rd7 28. Ra3 Nd4 29. Qc1 Kg7 30. Rd3 Qe6 31. b3 f6 32. Nxd4 Rxd4 33. Rxd4
exd4 34. Bd3 g5 35. Qf1 Nd7 36. g3 Ne5 37. Kg2 Ng6 38. f4 gxf4 39. gxf4 Qd6 40.
Kg3 Qa6 41. Qe2 Qa3 42. Qd2 Qa7 43. h4 b6 44. Qe2 Qa3 45. h5 Ne7 46. e5 Qc1 47.
exf6+ Kxf6 48. Qe5+ Kf7 49. Bxh7 Qg1+ 50. Kh3 Qf1+ 51. Kg3 Qg1+ 52. Kh4 Qh2+
53. Kg4 Qg2+ 54. Kh4 Qh2+ 55. Kg5 Qg3+ 56. Kh6 d3 57. Bg6+ Nxg6 58. Qf5+ Kg8
59. Qd5+ Kf8 60. Qf5+ Kg8 61. Qe6+ Kf8 62. Qf6+ Ke8 63. hxg6 d2 64. Qe6+ Kd8
65. Qxb6+ Kd7 66. Qb7+ Kd8 67. Qd5+ Ke8 68. Qe6+ Kd8 69. Qd6+ Ke8 70. Qxd2 Qh4+
71. Kg7 Qe7+ 72. Kg8 Qf8+ 73. Kh7 Qe7+ 74. g7 Qh4+ 75. Kg6 Qg3+ 76. Kh5 Qh3+
77. Kg5 Qh7 78. Kg4 Qxg7+ 79. Kf3 Qa7 80. Ke2 Kf7 81. Kd1 Qa3 82. Qc2 Kf6 83.
Kd2 Kf7 84. Kc3 Kf6 85. Qb2 Qa5+ 86. Kc2+ Kf7 87. a3 Qe1 88. Qc3 Qf2+ 89. Qd2
Qg1 90. Kb2 Kf6 91. Ka2 Qf1 92. Qd6+ Kf7 93. Qd2 Kf6 94. a4 Ke7 95. Qe3+ Kd6
96. Qe5+ Kc6 97. Qd5+ Kb6 98. Qd6+ Kb7 99. Qd7+ Kb8 100. Qb5+ Ka8 101. Qxc5
Qxf4 102. a5 Kb7 103. Qb5+ Ka7 104. Qb6+ Ka8 105. Qc6+ Ka7 106. Qc5+ Ka8 107.
Ka3 Qc1+ 108. Ka4 Kb7 109. Kb5 Qa1 110. Qd5+ 1-0

[Event "2.BLS 0203 Karlsruher SF - SK Krumbach"]
[Site "?"]
[Date "2003.03.09"]
[Round "8.7"]
[White "Link, Ulrich Dr"]
[Black "Bach, Edwin"]
[Result "1/2-1/2"]
[WhiteElo "2141"]
[BlackElo "2302"]
[PlyCount "119"]
[EventDate "2003.??.??"]

1. d4 d5 2. c4 c6 3. e3 Nf6 4. Nc3 e6 5. Nf3 Nbd7 6. Qc2 Bd6 7. Bd2 O-O 8.
O-O-O dxc4 9. Bxc4 c5 10. Ne4 Nxe4 11. Qxe4 Qe7 12. Bc3 Nb6 13. dxc5 Bxc5 14.
Bb3 Bd7 15. Ne5 Bb5 16. Nd3 Bxd3 17. Rxd3 Rac8 18. Kb1 Rfd8 19. Qe5 Qf8 20.
Rhd1 Rxd3 21. Rxd3 Bb4 22. Bd4 Bc5 23. a3 Bxd4 24. Rxd4 Qe7 25. Qa5 Qc7 26. Ka2
a6 27. Qg5 h6 28. Qh4 Kf8 29. Qe4 Kg8 30. Rd2 Qe7 31. Bc2 g6 32. Bb3 Rc7 33.
Qf4 Kh7 34. h4 h5 35. g3 Rd7 36. Rc2 Nd5 37. Bxd5 Rxd5 38. e4 Rd7 39. Qe5 Qd8
40. Rc3 Kg8 41. f4 Qe7 42. Rc8+ Rd8 43. Qb8 Rxc8 44. Qxc8+ Kg7 45. e5 a5 46.
Kb3 b5 47. Qc6 b4 48. Ka4 bxa3 49. bxa3 Qd8 50. Qc3 Qd7+ 51. Kxa5 Qa7+ 52. Kb5
Qb7+ 53. Ka4 Qa8+ 54. Kb3 Qd5+ 55. Kc2 Qa2+ 56. Kd3 Qd5+ 57. Ke3 Qg2 58. Qe1
Qa2 59. Qc1 Qg2 60. Qe1 1/2-1/2

[Event "2.BLS 0203 Karlsruher SF - SK Krumbach"]
[Site "?"]
[Date "2003.03.09"]
[Round "8.8"]
[White "Pfrommer, Christoph"]
[Black "Jussupow, Nadia"]
[Result "1-0"]
[WhiteElo "2293"]
[BlackElo "2196"]
[PlyCount "59"]
[EventDate "2003.??.??"]

1. e4 c5 2. Nc3 Nc6 3. g3 g6 4. Bg2 Bg7 5. d3 e6 6. Be3 d6 7. Qd2 Nge7 8. Bh6
O-O 9. h4 f6 10. Bxg7 Kxg7 11. f4 d5 12. h5 d4 13. Nce2 Qa5 14. c3 Bd7 15. Nf3
dxc3 16. bxc3 Rad8 17. Kf2 Be8 18. hxg6 Bxg6 19. Qe3 Qa6 20. Rad1 c4 21. d4
Qxa2 22. Nh4 Qa5 23. g4 f5 24. gxf5 exf5 25. e5 Nd5 26. Qh3 Rh8 27. Nxf5+ Bxf5
28. Qxf5 Nxc3 29. Qf6+ Kg8 30. Bd5+ 1-0

[Event "2.BLS 0203 SG Kirchheim - SCA St Ingber"]
[Site "?"]
[Date "2003.03.09"]
[Round "8.1"]
[White "Marcelin, Cyril"]
[Black "Gschnitzer, Oswald Dr"]
[Result "1-0"]
[WhiteElo "2470"]
[BlackElo "2428"]
[PlyCount "63"]
[EventDate "2003.??.??"]

1. e4 c5 2. Nf3 d6 3. Bb5+ Bd7 4. Bxd7+ Nxd7 5. O-O Ngf6 6. Re1 e6 7. c3 Be7 8.
d4 d5 9. exd5 Nxd5 10. c4 N5b6 11. d5 exd5 12. cxd5 O-O 13. d6 Bf6 14. Nbd2 Re8
15. Ne4 c4 16. a4 Ne5 17. Nxe5 Rxe5 18. Bf4 Rd5 19. Qe2 Be5 20. Bg5 f6 21. a5
fxg5 22. axb6 Qxb6 23. Nc3 Bxc3 24. Qe6+ Kf8 25. Qe7+ Kg8 26. Qe6+ Kf8 27. Qxd5
Bxe1 28. Rxe1 Qxb2 29. d7 Qb6 30. Re8+ Rxe8 31. Qg8+ Kxg8 32. dxe8=Q# 1-0

[Event "2.BLS 0203 SG Kirchheim - SCA St Ingber"]
[Site "?"]
[Date "2003.03.09"]
[Round "8.2"]
[White "Wintzer, Joachim"]
[Black "Bricard, Emmanuel"]
[Result "1/2-1/2"]
[WhiteElo "2367"]
[BlackElo "2454"]
[PlyCount "149"]
[EventDate "2003.??.??"]

1. d4 Nf6 2. Nf3 d5 3. c4 e6 4. Nc3 Nbd7 5. cxd5 exd5 6. Bg5 Be7 7. e3 O-O 8.
Bd3 Re8 9. Qc2 Nf8 10. O-O c6 11. Bxf6 Bxf6 12. b4 Bg4 13. Nd2 Be7 14. b5 c5
15. dxc5 Bxc5 16. Bf5 Bxf5 17. Qxf5 Bb4 18. Qd3 Bxc3 19. Qxc3 Rc8 20. Qd3 Ne6
21. Nb3 Qd6 22. Rac1 g6 23. h3 Red8 24. Rxc8 Rxc8 25. Rd1 Rd8 26. Qc3 a6 27.
bxa6 Qxa6 28. Rd2 Qc4 29. Qb2 h5 30. Nd4 Nxd4 31. Rxd4 Qa6 32. Qd2 Ra8 33. Rxd5
Qxa2 34. Rd8+ Kh7 35. Qxa2 Rxa2 36. Rd7 Kg7 37. Rxb7 Ra1+ 38. Kh2 h4 39. Rb2 g5
40. g3 hxg3+ 41. Kxg3 Kg6 42. Rb4 Rg1+ 43. Kh2 Ra1 44. h4 gxh4 45. Rxh4 f5 46.
Kg3 Kg5 47. Rb4 Rg1+ 48. Kh2 Ra1 49. Kg2 Rc1 50. Rb5 Rc4 51. Kg3 Rg4+ 52. Kf3
Ra4 53. Rd5 Rb4 54. Rd4 Rb1 55. Rd8 Rb4 56. Rg8+ Kf6 57. Kg3 f4+ 58. exf4 Rb1
59. Rf8+ Kg7 60. Rf5 Kg6 61. Ra5 Kf6 62. Kf3 Rc1 63. Rd5 Ra1 64. Rb5 Rc1 65. f5
Rc4 66. Kg3 Ra4 67. f3 Rc4 68. Rb8 Kxf5 69. Rf8+ Kg6 70. Rg8+ Kf5 71. Rh8 Ra4
72. Rh5+ Kg6 73. Rb5 Kf6 74. f4 Ra1 75. Rb6+ 1/2-1/2

[Event "2.BLS 0203 SG Kirchheim - SCA St Ingber"]
[Site "?"]
[Date "2003.03.09"]
[Round "8.3"]
[White "Lazarev, Vladimir"]
[Black "Vonthron, Horst"]
[Result "1/2-1/2"]
[WhiteElo "2477"]
[BlackElo "2351"]
[PlyCount "104"]
[EventDate "2003.??.??"]

1. d4 Nf6 2. c4 e6 3. Nc3 Bb4 4. Qc2 d5 5. cxd5 exd5 6. Bg5 c5 7. dxc5 h6 8.
Bh4 g5 9. Bg3 Ne4 10. e3 Qa5 11. Nge2 Bf5 12. Be5 f6 13. Bxb8 Rxb8 14. O-O-O
Qxc5 15. Rxd5 Nxc3 16. Rxf5 Nxa2+ 17. Kb1 Qxc2+ 18. Kxc2 Be7 19. Kb3 Nb4 20.
Nd4 Nc6 21. Bb5 Kf7 22. Bxc6 bxc6+ 23. Kc2 Rb6 24. Ra5 Rhb8 25. Rb1 R8b7 26. g4
Bd6 27. Nf5 Bxh2 28. Nxh6+ Ke6 29. Nf5 Be5 30. b3 Rb5 31. Ra6 Rc5+ 32. Kd1 Rd7+
33. Ke2 Rc2+ 34. Kf3 Rb7 35. Rh1 Rxb3 36. Rxa7 Rc4 37. Ng7+ Kd6 38. Rd1+ Kc5
39. Ne6+ Kb4 40. Re7 Ka3 41. Rd2 Rbb4 42. Rd3+ Kb2 43. Nxg5 Rxg4 44. Ne6 Rgc4
45. Rd2+ Kc1 46. Red7 Rc3 47. Rd1+ Kb2 48. R7d2+ Kb3 49. Ke2 Kc4 50. Rh1 c5 51.
f4 Rb6 52. Nxc5 Kxc5 1/2-1/2

[Event "2.BLS 0203 SG Kirchheim - SCA St Ingber"]
[Site "?"]
[Date "2003.03.09"]
[Round "8.4"]
[White "Beckhuis, Gernod"]
[Black "Becking, Stephan"]
[Result "1/2-1/2"]
[WhiteElo "2283"]
[BlackElo "2315"]
[PlyCount "124"]
[EventDate "2003.??.??"]

1. Nf3 Nf6 2. c4 e6 3. Nc3 d5 4. d4 dxc4 5. e4 c5 6. Bxc4 cxd4 7. Nxd4 Qc7 8.
Qe2 Bb4 9. Ndb5 Qe7 10. e5 Nd5 11. O-O Nxc3 12. bxc3 Bc5 13. Qg4 f5 14. exf6
gxf6 15. Bf4 Na6 16. Rad1 Bd7 17. Qh5+ Kd8 18. Rd2 e5 19. Rfd1 Nb8 20. Bh6 Kc8
21. Nd6+ Kc7 22. Nf5 Qe8 23. Bf7 Qc8 24. g4 Ba4 25. Bb3 Bxb3 26. axb3 Qe8 27.
Qxe8 Rxe8 28. Bg7 a5 29. Bxf6 Ra6 30. Bd8+ Kc8 31. Bh4 Rg6 32. h3 h5 33. Rd8+
Rxd8 34. Rxd8+ Kc7 35. Rd5 Nd7 36. g5 Kc6 37. Rd3 e4 38. Rd1 Ne5 39. Kg2 Nf3
40. Kg3 Nxg5 41. Bxg5 {(=)} Rxg5+ 42. Kf4 Rg2 43. Kxe4 Rxf2 44. Rd3 Re2+ 45.
Kf4 Rb2 46. c4 b5 47. cxb5+ Kxb5 48. Kg5 Kb4 49. Nd4 Bxd4 50. Rxd4+ Kxb3 51.
Kxh5 Rc2 52. h4 a4 53. Rd7 Rc4 54. Rb7+ Rb4 55. Rf7 Kc3 56. Kg5 a3 57. Rf1 Rb2
58. Ra1 Rh2 59. h5 Rg2+ 60. Kf6 Rf2+ 61. Kg7 Rg2+ 62. Kh7 Kb3 1/2-1/2

[Event "2.BLS 0203 SG Kirchheim - SCA St Ingber"]
[Site "?"]
[Date "2003.03.09"]
[Round "8.5"]
[White "Nguyen, Chi Minh"]
[Black "Wippermann, Till"]
[Result "0-1"]
[WhiteElo "2358"]
[BlackElo "2354"]
[PlyCount "86"]
[EventDate "2003.??.??"]

1. d4 g6 2. c4 Bg7 3. e4 c5 4. d5 d6 5. Nc3 Nf6 6. f4 O-O 7. Nf3 e6 8. Be2 exd5
9. cxd5 Re8 10. e5 dxe5 11. fxe5 Ng4 12. Bg5 f6 13. exf6 Bxf6 14. Qd2 Bxg5 15.
Nxg5 Ne3 16. Nce4 Nxg2+ 17. Kd1 Bf5 18. d6 Rxe4 19. Nxe4 Bxe4 20. Bc4+ Kg7 21.
Rf1 g5 22. Qc3+ Kh6 23. Rf7 Qxd6+ 24. Kc1 Qd4 25. Qxd4 cxd4 26. Rf8 Ne3 27. Bb3
b6 28. Re8 Bg2 29. Re6+ Kg7 30. Re7+ Kg6 31. Re6+ Kf5 32. Re7 h5 33. Kd2 Nc6
34. Rf7+ Kg6 35. Rc1 Ne5 36. Re7 Kf6 37. Rcc7 Bd5 38. Rxa7 Rxa7 39. Rxa7 Bxb3
40. axb3 Kf5 41. Rh7 h4 42. Rh6 Ke4 43. Rxb6 N3c4+ 0-1